[Event "IND-ch U15"]
[Site "Kolkata"]
[Date "2018.07.20"]
[Round "5"]
[White "Karthik, Sai Ch"]
[Black "Aan, Sikka"]
[Result "1-0"]
[WhiteElo "1810"]
[BlackElo "1975"]
[PlyCount "83"]
[EventDate "2018.07.17"]
[EventType "swiss"]
[EventRounds "11"]
[EventCountry "IND"]
[SourceTitle "CBM 186 Extra"]
[Source "ChessBase"]
[SourceDate "2018.08.24"]
[SourceVersion "1"]
[SourceVersionDate "2018.08.24"]
[SourceQuality "1"]

1. d4 d5 2. Nf3 Nf6 3. Bf4 c5 4. e3 Nc6 5. Nbd2 Qb6 6. dxc5 Qxb2 7. Rb1 Qc3 8. Bb5 e6 9. 0-0 Qxc5 10. c4 Bd7 11. Ba4 b6 12. cxd5 Nxd5 13. Ne4 Qa3 14. Bxc6 Bxc6 15. Ne5 Qa4 16. Qf3 Nxf4 17. Nxc6 Nd5 18. Ne5 f6 19. Qg4 Ke7 20. Qh4 g5 21. Ng6+ hxg6 22. Qxh8 Qxe4 23. Qh7+ Ke8 24. Rbc1 Ne7 25. Rc7 Qh4 26. Rxe7+ Bxe7 27. Qg8+ Bf8 28. Qxe6+ Be7 29. Qc6+ Kf7 30. Qxa8 Bd6 31. Qd5+ Ke7 32. g3 Qh3 33. Rd1 Qe6 34. Qb7+ Qd7 35. Qe4+ Qe6 36. Qxg6 Bc5 37. Qh7+ Ke8 38. Qh8+ Kf7 39. Rd8 Kg6 40. Rg8+ Kf5 41. Re8 Qd5 42. e4+ 1-0

[Event "Commonwealth-ch U14"]
[Site "New Delhi"]
[Date "2018.07.03"]
[Round "7"]
[White "Karthik, Sai Ch"]
[Black "Samdani, Sahil Sagar"]
[Result "1/2-1/2"]
[WhiteElo "1789"]
[BlackElo "1712"]
[PlyCount "61"]
[EventDate "2018.06.26"]
[EventType "swiss"]
[EventRounds "7"]
[EventCountry "IND"]
[SourceTitle "EXT 2019"]
[Source "ChessBase"]
[SourceDate "2018.10.10"]
[SourceVersion "1"]
[SourceVersionDate "2018.10.10"]
[SourceQuality "1"]

1. d4 Nf6 2. Nf3 d5 3. Bf4 c5 4. e3 Nc6 5. Nbd2 e6 6. c3 cxd4 7. cxd4 Nh5 8. Be5 f6 9. Bg3 Nxg3 10. hxg3 Bd6 11. Bd3 f5 12. a3 Bd7 13. Nh4 0-0 14. g4 g6 15. gxf5 exf5 16. Qf3 Be6 17. Qh3 Qd7 18. f4 Qg7 19. Nhf3 Be7 20. Qh6 Qxh6 21. Rxh6 Kg7 22. Rh1 Na5 23. Ne5 Rac8 24. Ke2 Nc4 25. Bxc4 dxc4 26. Nb1 b5 27. Nc3 a6 28. Rad1 Rfd8 29. Rh3 Bd5 30. Rdh1 Bg8 31. Rd1 1/2-1/2